Entry Personal Name
Number of records used in: 4
001 - CONTROL NUMBER
003 - CONTROL NUMBER IDENTIFIER
005 - DATE AND TIME OF LATEST TRANSACTION
- control field:
20191104105336.0
008 - FIXED-LENGTH DATA ELEMENTS
- fixed length control field:
010627n| azannaabn |a aaa
010 ## - LIBRARY OF CONGRESS CONTROL NUMBER
- LC control number:
no2001050273
- Canceled/invalid LC control number:
no 99015788
- Canceled/invalid LC control number:
n 2018241473
035 ## - SYSTEM CONTROL NUMBER
- System control number:
(OCoLC)oca05519480
040 ## - CATALOGING SOURCE
- Original cataloging agency:
DLC-ON
- Language of cataloging:
eng
- Description conventions:
rda
- Transcribing agency:
DLC-ON
- Modifying agency:
DLC
100 1# - HEADING--PERSONAL NAME
- Personal name:
Puniyani, Ram
370 ## - ASSOCIATED PLACE
- Associated country:
India
- Source of term:
naf
371 ## - ADDRESS
- Electronic mail address:
ram.puniyani@gmail.com
375 ## - GENDER
- Gender:
Males
- Source of term:
lcdgt
377 ## - ASSOCIATED LANGUAGE
- Language code:
eng
- Language code:
hin
400 0# - SEE FROM TRACING--PERSONAL NAME
- Personal name:
Ram Puniyani
400 1# - SEE FROM TRACING--PERSONAL NAME
- Control subfield:
nne
- Personal name:
Ram, P. R.
400 0# - SEE FROM TRACING--PERSONAL NAME
- Personal name:
Ram Punyani
400 1# - SEE FROM TRACING--PERSONAL NAME
- Personal name:
Puniyānī, Rāma
670 ## - SOURCE DATA FOUND
- Source citation:
Communal politics, c2001:
- Information found:
t.p. (Ram Puniyani)
670 ## - SOURCE DATA FOUND
- Source citation:
Religion, power and violence, 2005:
- Information found:
eCIP t.p. (Ram Puniyani) data view (b. Aug. 25, 1945)
670 ## - SOURCE DATA FOUND
- Source citation:
Communalism, 2004:
- Information found:
t.p. (Ram Puniyani) cover, p. 4 (prof., biomedical engg., Indian Inst. of Tech., Powai; member, EKTA, Committee for Communal Amity, Mumbai)
670 ## - SOURCE DATA FOUND
- Source citation:
Secular challenge to communal politics, 1998:
- Information found:
t.p. (P.R. Ram; member, EKTA, Committee for Communal Amity)
670 ## - SOURCE DATA FOUND
- Source citation:
Caste, Hindutva and dalits, 2018:
- Information found:
cover page (Ram Punyani) Jkt. flap (Ram Puniyani; former Professor IIT Bombay; currently engaged with issues of democratic and human rights; Chairman of Centre of Study of Society and Secularism; worked on the comic book; recipient of Indira Gandhi National Integration Award, 2006, National Communal Harmony Award, 2007, and Mukudan C. Menon Human Rights Award, 2015)
670 ## - SOURCE DATA FOUND
- Source citation:
Bhāratīya rāshṭravāda banāma Āra. Esa. Esa. kā rāshṭravāda, Disambara 2014:
- Information found:
t.p. (Rāma Puniyānī) t.p. verso (email: ram.puniyani@gmail.com)